[Event "Abierto Legislatura Norberto La Porta in memoriam"]
[Site "Buenos Aires, ARG"]
[Date "2009.04.08"]
[Round "5.22"]
[White "Semprevivo, Marcelo"]
[Black "Quiroga, Facundo"]
[Result "0-1"]
[WhiteElo "2116"]
[BlackElo "2329"]

1. e4 Nf6 2. Nc3 d6 3. d4 g6 4. Be3 Bg7 5. Qd2 Ng4 6. Bg5 h6 7. Bh4 Nc6 8. f3
Nf6 9. d5 Nb8 10. Bf2 c6 11. dxc6 Nxc6 12. Be3 Bd7 13. Nge2 Rc8 14. O-O-O
Ne5 15. Nd4 a6 16. Kb1 b5 17. g4 b4 18. Nd5 Nxd5 19. exd5 h5 20. Rg1 hxg4 21.
fxg4 Nxg4 22. Nc6 Bxc6 23. Rxg4 Ba4 24. Bd3 a5 25. Qf2 Bf6 26. Rf4 Rh3 27.
Rxf6 exf6 28. b3 Bd7 29. Bb6 Rc7 30. Re1+ Kf8 31. Bxc7 Qxc7 32. Qxf6 Qc3 33.
Qxd6+ Kg8 34. Qe5 Rxh2 35. Qxc3 bxc3 36. a3 Kf8 37. b4 axb4 38. axb4 Rh5 39. Ka2
Rxd5 40. Kb3 g5 41. Kxc3 g4 42. Be4 Rg5 43. Kd4 0-1

[Event "Abierto Legislatura Norberto La Porta in memoriam"]
[Site "Buenos Aires, ARG"]
[Date "2009.04.08"]
[Round "5.23"]
[White "Gimenez, Santiago"]
[Black "Varela, Gaston"]
[Result "1/2-1/2"]
[WhiteElo "2112"]
[BlackElo "2323"]

1. e4 e6 2. d4 d5 3. Nc3 Nf6 4. Bg5 dxe4 5. Nxe4 Be7 6. Bxf6 gxf6 7. Nf3 b6
8. Bd3 Bb7 9. Qe2 Nd7 10. O-O-O c6 11. Rhe1 Qc7 12. Kb1 O-O-O 13. c4 Kb8 14.
Rc1 c5 15. d5 Ne5 16. Nxe5 Qxe5 17. Nc3 Qxe2 18. Rxe2 Bd6 19. Be4 f5 20. Bf3
e5 21. Bh5 f6 22. h3 Bc8 23. g4 a6 24. f3 Rhf8 25. b3 Bd7 26. Kb2 Kc7 27. Rb1
e4 28. fxe4 f4 29. Kc2 Be5 30. Rf1 b5 31. Ref2 bxc4 32. bxc4 Rb8 33. Rb1 Rxb1
34. Nxb1 Rb8 35. Nc3 Kd6 36. Kd3 Ke7 37. h4 Rg8 38. Rg2 f3 39. Rf2 Bxg4 40.
Bxg4 Rxg4 41. Rxf3 Rxh4 42. Na4 Kd6 43. Nb6 Rh2 44. Nc8+ Kd7 45. Na7 Rxa2 46.
Rf5 Ra3+ 47. Kd2 Rh3 48. Nc6 Bc3+ 49. Kc2 a5 50. e5 Bxe5 51. Nxe5+ fxe5 52.
Rxe5 a4 53. Kb2 h5 54. Re6 a3+ 55. Ka2 Rc3 56. Rh6 Rxc4 57. Rxh5 Rc3 58. Rh6
Rd3 59. Ra6 Rxd5 1/2-1/2

[Event "Abierto Legislatura Norberto La Porta in memoriam"]
[Site "Buenos Aires, ARG"]
[Date "2009.04.08"]
[Round "5.24"]
[White "Wisniacki, Flavio"]
[Black "Campagnoni, Diego"]
[Result "1/2-1/2"]
[WhiteElo "2297"]
[BlackElo "2086"]

1. c4 f5 2. Nc3 Nf6 3. g3 g6 4. Bg2 Bg7 5. e4 fxe4 6. Nxe4 Nxe4 7. Bxe4 c6 8.
Qf3 Rf8 9. Qe2 Bd4 10. Nf3 Bg7 11. Ng5 d5 12. Bb1 Rf6 13. f4 h6 14. Nf3 Bg4
15. O-O Re6 16. Qf2 dxc4 17. Ne5 Bf5 18. Bxf5 gxf5 19. d4 cxd3 20. Be3 Nd7
21. Nxd3 Qa5 22. Bd4 Bxd4 23. Qxd4 Qb6 24. Qxb6 axb6 25. a3 Ra5 26. Rfe1 Kf7
27. Rxe6 Kxe6 28. Ne1 Rd5 29. Nf3 Nf6 30. Re1+ Kd6 31. Ne5 h5 32. Nc4+ Kc5 33.
Ne3 Rd2 34. b4+ Kb5 35. Nxf5 Ng4 36. Rxe7 Nxh2 37. Nh4 Ng4 38. Rh7 Rd5 39.
Rxb7 Rd3 40. Nf5 Rxa3 41. Kg2 Ra2+ 42. Kf3 Rf2+ 43. Ke4 Rb2 44. Nd6+ Ka6 45.
Rxb6+ Kxb6 46. Nc4+ Kb5 47. Nxb2 Kxb4 48. Kf5 Nf2 49. Ke6 Ne4 50. Nd3+ Kc3 51.
Ne5 Nxg3 52. Nxc6 h4 53. Ne5 h3 54. Ng4 Kd2 55. f5 Ke2 56. f6 Ne4 57. Ke5
Nxf6 58. Kxf6 1/2-1/2

[Event "Abierto Legislatura Norberto La Porta in memoriam"]
[Site "Buenos Aires, ARG"]
[Date "2009.04.08"]
[Round "5.25"]
[White "Vazquez, Maximiliano"]
[Black "Airando, Martin"]
[Result "1/2-1/2"]
[WhiteElo "2112"]
[BlackElo "2250"]

1. d4 e6 2. Nf3 f5 3. g3 Nf6 4. Bg2 Be7 5. O-O O-O 6. c4 d6 7. b4 Ne4 8. Bb2
Bf6 9. Qb3 a5 10. b5 a4 11. Qc2 c6 12. bxc6 Nxc6 13. a3 Qb6 14. e3 Bd7 15.
Nc3 Nxc3 16. Bxc3 Qa6 17. Rfb1 Rab8 18. Bf1 Qa7 19. Ra2 e5 20. Qd2 exd4 21.
exd4 f4 22. Qxf4 Be5 23. Qe3 Bf6 24. h3 Bf5 1/2-1/2

[Event "Abierto Legislatura Norberto La Porta in memoriam"]
[Site "Buenos Aires, ARG"]
[Date "2009.04.08"]
[Round "5.26"]
[White "Cabrera Pando, Ramiro"]
[Black "Malbran, Guillermo"]
[Result "1-0"]
[WhiteElo "2104"]
[BlackElo "2238"]

1. d4 Nf6 2. Nc3 c5 3. dxc5 Qa5 4. Nf3 e6 5. Bd2 Bxc5 6. e3 Qd8 7. a3 d5 8.
b4 Be7 9. Bd3 Nc6 10. b5 Nb8 11. O-O Nbd7 12. Re1 Nc5 13. e4 dxe4 14. Bxe4
Nfxe4 15. Nxe4 Nxe4 16. Rxe4 Bf6 17. Rb1 b6 18. Qe2 Bb7 19. Re3 Qc7 20. Bb4
O-O-O 21. c4 Kb8 22. c5 bxc5 23. Bc3 Bxc3 24. Rxc3 Bxf3 25. Qxf3 Rd5 26. Rcb3
Rhd8 27. b6 axb6 28. Rxb6+ Ka7 29. R6b5 c4 30. R5b4 c3 31. Ra4+ {Tiempo} 1-0

[Event "Abierto Legislatura Norberto La Porta in memoriam"]
[Site "Buenos Aires, ARG"]
[Date "2009.04.08"]
[Round "5.27"]
[White "Fernandez, Jose Luis"]
[Black "Perez Pietronave, Carlos"]
[Result "0-1"]
[WhiteElo "2117"]
[BlackElo "2218"]

1. e4 c5 2. Nf3 Nc6 3. d4 cxd4 4. Nxd4 e5 5. Nb5 a6 6. Nd6+ Bxd6 7. Qxd6 Qf6
8. Qxf6 Nxf6 9. Nc3 d5 10. Nxd5 Nxd5 11. exd5 Nb4 12. Bd3 Nxd3+ 13. cxd3 Bf5
14. O-O O-O-O 15. Be3 Rxd5 16. f4 Bxd3 17. Rfc1+ Kd7 18. fxe5 Ke6 19. Bf4
Rhd8 20. Rc7 Be4 21. Re1 Rd1 22. Rc1 Rxc1 23. Rxc1 g5 24. Be3 Kxe5 25. Rc5+ Bd5
26. Bxg5 Rg8 27. h4 Kd4 28. Be3+ Ke5 29. Bg5 Kd6 30. b4 Bxa2 31. Bf4+ Ke6 32.
Rc7 Bd5 33. g3 Bc6 34. Kf2 h5 35. Bg5 f6 36. Be3 Rd8 37. Bc5 Rd2+ 38. Ke3
Rb2 39. Re7+ Kf5 40. Rg7 Rb3+ 41. Kf2 Rc3 42. Bd6 Ke4 43. Re7+ Kd5 44. Bf4 Kc4
45. Bd6 Rd3 46. Re6 Rf3+ 47. Ke2 Kd5 0-1

[Event "Abierto Legislatura Norberto La Porta in memoriam"]
[Site "Buenos Aires, ARG"]
[Date "2009.04.08"]
[Round "5.28"]
[White "Fabian, Ariel"]
[Black "Tokman, Ariel"]
[Result "1/2-1/2"]
[WhiteElo "2087"]
[BlackElo "2210"]

1. d4 Nf6 2. c4 g6 3. Nc3 d5 4. Bf4 Bg7 5. e3 c5 6. dxc5 Qa5 7. Qb3 dxc4 8.
Bxc4 O-O 9. Nge2 Ne4 10. Rd1 Nxc5 11. Qb5 Qxb5 12. Nxb5 Nc6 13. Nc7 Rb8 14.
Nd5 Ra8 15. Bg5 Na4 16. Nxe7+ Nxe7 17. Bxe7 Re8 18. Bb5 Rxe7 19. Rd8+ Bf8 20.
Bxa4 Rc7 21. O-O Kg7 22. Nf4 b6 23. Rfd1 Bb7 24. R8d7 Rxd7 25. Rxd7 Rc8 26. f3
Bc6 27. Bxc6 Rxc6 28. Rxa7 Rc1+ 29. Kf2 Rc2+ 30. Kg3 Bd6 31. Kh3 Rxb2 32.
Ne6+ Kf6 33. Nd8 Be7 34. Nc6 Bc5 35. Nd4 h5 36. f4 Rd2 37. Nb3 Rd3 38. Nxc5
Rxe3+ 39. g3 bxc5 40. Rc7 Rc3 41. a4 Ke6 42. a5 f6 43. a6 Kd6 44. Rg7 Ra3 45.
Rxg6 Ke6 46. Rg8 Rxa6 47. Rc8 Kd6 48. Rf8 Kd5 49. Rd8+ Rd6 50. Rc8 Rc6 51. Rd8+
Ke4 52. Kh4 c4 53. Kxh5 c3 54. Rd1 c2 55. Rc1 Kf5 56. Kh6 Kg4 57. Kg7 f5 58.
h4 Kxg3 59. h5 Kxf4 60. h6 Ke3 61. h7 Rc7+ 62. Kg6 Rxh7 63. Rxc2 1/2-1/2

[Event "Abierto Legislatura Norberto La Porta in memoriam"]
[Site "Buenos Aires, ARG"]
[Date "2009.04.08"]
[Round "5.29"]
[White "Mashal, Ruben"]
[Black "Anelli, Antonio"]
[Result "1-0"]
[WhiteElo "2066"]
[BlackElo "2193"]

1. d4 f5 2. e4 fxe4 3. Nc3 Nf6 4. Bg5 e6 5. f3 e3 6. Bxe3 Bb4 7. Bd3 b6 8.
Nge2 Bb7 9. a3 Nd5 10. Qd2 Bxc3 11. Nxc3 Nxe3 12. Qxe3 Qh4+ 13. g3 Qe7 14.
O-O-O O-O 15. Ne4 d6 16. Ng5 h6 17. Qxe6+ Qxe6 18. Nxe6 Rc8 19. Rhf1 Nd7 20. Rde1
c5 21. Nxg7 cxd4 22. Re7 Nc5 23. Bg6 Ba6 24. Rd1 d3 25. c3 Nb3+ 26. Kb1 d2
27. Ne6 Bb5 28. Nc7 Be2 29. Bf7+ 1-0

[Event "Abierto Legislatura Norberto La Porta in memoriam"]
[Site "Buenos Aires, ARG"]
[Date "2009.04.08"]
[Round "5.30"]
[White "Bustamante, Leonidas"]
[Black "Radoszta, Armando E."]
[Result "0-1"]
[WhiteElo "2179"]
[BlackElo "2083"]

1. e4 c5 2. Nf3 e6 3. d4 cxd4 4. Nxd4 Nf6 5. Nc3 d6 6. Bc4 Qc7 7. Bb3 a6 8.
Be3 Be7 9. O-O O-O 10. f4 b5 11. f5 b4 12. Na4 e5 13. Ne2 Nbd7 14. Ng3 Bb7 15.
Qf3 Nc5 16. Nxc5 dxc5 17. Bc4 a5 18. Bg5 Rfd8 19. Bxf6 Bxf6 20. Nh5 Qe7 21.
Qg4 Rd4 22. b3 Bxe4 23. Rad1 Bd3 24. Qxd4 cxd4 25. cxd3 Bg5 26. Ng3 a4 27.
Ne4 Bf4 28. g3 Be3+ 29. Kh1 Qc7 30. Rde1 Kf8 31. f6 g6 32. Re2 h6 33. Rc2 a3
34. Re1 Qd8 35. Kg2 Rc8 36. Ree2 Rc7 37. Bb5 Rc3 38. Bc4 Qc7 39. h4 Qd7 40.
Nxc3 bxc3 41. Re1 Qc6+ 42. Kh2 Qxf6 43. Bd5 Bd2 44. Re2 Qf1 45. Rcxd2 cxd2 46.
Rxd2 Qc1 47. Rf2 f5 48. h5 Qg5 49. hxg6 f4 50. gxf4 exf4 51. g7+ Qxg7 52.
Rxf4+ Ke8 53. Re4+ Kd7 54. Be6+ Kd6 55. Bh3 Kc5 56. Rg4 Qe5+ 57. Kh1 Qe3 58. Bf1
Qf3+ 59. Rg2 Qxf1+ 0-1

[Event "Abierto Legislatura Norberto La Porta in memoriam"]
[Site "Buenos Aires, ARG"]
[Date "2009.04.08"]
[Round "5.32"]
[White "Blanco, Marcos"]
[Black "Amed, Stephanie"]
[Result "0-1"]
[WhiteElo "2062"]
[BlackElo "2166"]

1. e4 c5 2. Nf3 Nc6 3. Bb5 g6 4. c3 Bg7 5. O-O Nf6 6. Qe2 O-O 7. e5 Ne8 8. d4
cxd4 9. cxd4 d5 10. Nc3 Nc7 11. Bd3 Bg4 12. Qe3 Ne6 13. Nxd5 Bxf3 14. Qxf3
Nexd4 15. Qe4 Nxe5 16. Bg5 Ndc6 17. Bc4 Nxc4 18. Qxc4 Kh8 19. Rad1 Qc8 20. Qh4
f6 21. Bh6 Qf5 22. Ne3 Qe6 23. Rd3 Ne5 24. Rb3 b6 25. f4 Bxh6 26. Qxh6 Nf7
27. Qh4 Nd6 28. Re1 Qf7 29. Ng4 Nf5 30. Qf2 Rfd8 31. Rh3 Qf8 32. Ne3 Nd4 33.
Qg3 Qg7 34. Qf2 e6 35. Nc2 e5 36. Nxd4 Rxd4 37. fxe5 fxe5 38. Qe3 Rf8 39. Rf3
Rdf4 40. Qxe5 Rxf3 41. gxf3 Rxf3 42. Kg2 Qxe5 43. Rxe5 Rf7 44. Kg3 Kg7 45. a4
Kf6 46. Rb5 Re7 47. Rb4 Kf5 48. Kf3 g5 49. Rb5+ Kg6 50. a5 Rf7+ 51. Ke4 Rf4+
52. Kd3 Rf5 53. Kc4 bxa5 54. Rb3 h5 55. Kd4 g4 56. h3 Rf4+ 57. Ke5 Rf3 58.
Rb7 Rxh3 59. Rxa7 Re3+ 60. Kd4 Rb3 61. Rxa5 Rxb2 62. Ke3 Rb3+ 63. Kf2 Rf3+ 64.
Kg2 Rf5 65. Ra8 Kg5 66. Rg8+ Kf4 67. Ra8 h4 68. Ra4+ Kg5 69. Ra8 h3+ 70. Kg1
Kh4 71. Ra3 Rf3 72. Ra5 Rb3 73. Ra1 Kg3 74. Kh1 Kf3 75. Rf1+ Ke2 76. Ra1 Rd3
77. Kh2 Kf3 78. Rf1+ Ke4 79. Rg1 Kf4 80. Rf1+ Rf3 81. Ra1 Rf2+ 82. Kg1 Re2
83. Kh1 g3 84. Kg1 Kf3 {Tiempo} 0-1

[Event "Abierto Legislatura Norberto La Porta in memoriam"]
[Site "Buenos Aires, ARG"]
[Date "2009.04.08"]
[Round "5.33"]
[White "Paveto, Kevin"]
[Black "Quenallata, Luciano"]
[Result "1-0"]
[WhiteElo "2057"]
[BlackElo "2165"]

1. e4 e6 2. d4 d5 3. e5 c5 4. c3 Nc6 5. Nf3 Qb6 6. a3 a5 7. Bd3 Bd7 8. Bc2 f6
9. O-O O-O-O 10. b4 cxb4 11. axb4 axb4 12. Bf4 Na5 13. cxb4 Bxb4 14. Ba4 Ne7
15. Bxd7+ Kxd7 16. Na3 Bxa3 17. Rxa3 f5 18. Qa4+ Nec6 19. Qc2 h6 20. Rb1 Qc7
21. h4 Ra8 22. Rc3 Ra6 23. Rc5 Ke7 24. h5 Qd7 25. Nh4 Rb8 26. g4 fxg4 27.
Qh7 Kd8 28. Nf5 b6 29. Nxg7 bxc5 30. Qg8+ Ke7 31. Rxb8 Nxb8 32. Bxh6 Qc6 33.
Bg5+ Kd7 34. Qd8# 1-0

[Event "Abierto Legislatura Norberto La Porta in memoriam"]
[Site "Buenos Aires, ARG"]
[Date "2009.04.08"]
[Round "5.34"]
[White "Calens, Diego"]
[Black "Bertaccini, Daniel"]
[Result "0-1"]
[WhiteElo "2037"]
[BlackElo "2160"]

1. e4 c5 2. Nf3 d6 3. d4 cxd4 4. Nxd4 Nf6 5. Nc3 g6 6. Be3 Bg7 7. f3 Nc6 8.
Qd2 O-O 9. O-O-O d5 10. exd5 Nxd5 11. Nxc6 bxc6 12. Nxd5 cxd5 13. Qxd5 Qc7 14.
Qc5 Qb7 15. b3 Bf5 16. Bd3 Rfc8 17. Qa5 Bc3 18. Qb5 Qxb5 19. Bxb5 Rc7 20. g4
Be6 21. Ba6 Be5 22. c4 Bd6 23. Rd2 Rb8 24. Rc2 Ba3+ 25. Kd1 Rd8+ 26. Rd2
Rcd7 27. Rxd7 Bxd7 28. Ke2 Bc6 29. Bb5 Bxb5 30. cxb5 Rd7 31. Rd1 Rc7 32. b6 axb6
33. Bxb6 Rc2+ 34. Rd2 Rc6 35. Be3 f6 36. Kd3 Bc1 37. Re2 Ba3 38. Rc2 Rd6+
39. Ke2 Re6 40. Kf2 Kf7 41. Bd4 Ra6 42. h3 Ke6 43. Ke3 Kd5 44. Rc4 e5 45. Bc3
Bc5+ 46. Kd3 Rxa2 47. b4 Bb6 48. Rc8 Rf2 49. Rb8 Rxf3+ 50. Kc2 Kc6 51. Rf8 Kb5
52. h4 Bd4 53. Be1 Rf4 54. Rf7 Rxg4 55. Rxh7 f5 56. h5 gxh5 57. Rxh5 Rf4 58.
Rh8 Rf3 59. Rb8+ Kc4 60. Rc8+ Kd5 61. Rd8+ Ke4 62. b5 Rf1 63. Ba5 Rf2+ 64.
Kb3 Rb2+ 65. Kc4 f4 66. Rh8 f3 67. Rh4+ Ke3 68. Be1 f2 69. Bxf2+ Rxf2 70. Kd5
Rf4 71. Rh3+ Rf3 72. Rh4 Rf6 73. Rh3+ Rf3 74. Rh4 Kd3 75. b6 e4 76. b7 Rf5+
77. Kc6 Be5 78. Kd7 e3 79. Ke6 Rg5 80. Rb4 e2 81. Rb1 Kc2 82. Ra1 Bxa1 83.
b8=Q e1=Q+ 84. Kd7 Rg7+ 85. Kc6 Qc3+ 86. Kd5 Qd4+ 87. Kc6 Rg6+ 88. Kb5 Qb2+ 0-1

[Event "Abierto Legislatura Norberto La Porta in memoriam"]
[Site "Buenos Aires, ARG"]
[Date "2009.04.08"]
[Round "5.35"]
[White "Pichot, Alan"]
[Black "Mendez, Pablo Amadeo"]
[Result "0-1"]
[WhiteElo "2014"]
[BlackElo "2160"]

1. e4 e6 2. b3 d5 3. Bb2 dxe4 4. Nc3 Nf6 5. g4 h6 6. Bg2 Nbd7 7. Qe2 Nc5 8.
h4 Nd5 9. Nxd5 exd5 10. d3 Be6 11. dxe4 dxe4 12. Rd1 Qe7 13. Bd4 Rd8 14. Kf1
Qd7 15. f3 c6 16. Nh3 Qc7 17. Nf2 exf3 18. Bxf3 Qf4 19. Be5 Rxd1+ 20. Nxd1 Qb4
21. c4 Nd7 22. Bc3 Qd6 23. Kg2 Qf4 24. Ne3 Ne5 25. Bxe5 Qxe5 26. Qd2 Bc5 27.
Nf5 O-O 28. Re1 Qf6 29. Be4 Rd8 30. Qf4 Bxf5 31. Bxf5 g6 32. Qxh6 Qb2+ 33.
Kh3 Qc3+ 0-1

[Event "Abierto Legislatura Norberto La Porta in memoriam"]
[Site "Buenos Aires, ARG"]
[Date "2009.04.08"]
[Round "5.36"]
[White "Jarmoluk, Jorge E."]
[Black "Juarez, Carlos Eleodoro"]
[Result "1/2-1/2"]
[WhiteElo "2043"]
[BlackElo "2148"]

1. d4 d5 2. c4 c6 3. e3 Nf6 4. Nf3 Bf5 5. Bd3 Bg6 6. Ne5 e6 7. Nc3 Nbd7 8.
Nxg6 hxg6 9. Bd2 Bd6 10. g3 O-O 11. c5 Bc7 12. f4 b6 13. b4 a5 14. a3 b5 15.
Ke2 Nh7 16. h4 f5 17. Kf3 Ndf6 18. Kg2 Ng4 19. Qc2 Nhf6 20. Be2 Ra7 21. Ra2 Qe7
22. Rha1 Rfa8 23. Bf3 Nh6 24. Nd1 Ne4 25. Nf2 Kf7 26. Nd3 Nxd2 27. Qxd2 a4
28. Nf2 Ng8 29. Nh3 Nf6 30. Ng5+ Ke8 31. Qc2 Kd7 32. Rh1 Rh8 33. Raa1 Raa8 34.
Be2 Rh6 35. Rac1 Rb8 36. Bd3 Ng4 37. Qe2 Nf6 38. Qc2 Kc8 39. Rh2 Ng4 40. Kf3
Nxh2+ 41. Qxh2 e5 42. dxe5 Bxe5 43. Qc2 Bf6 44. Nh3 Kc7 45. Re1 Re8 46. Nf2
Reh8 47. Qe2 Qd8 48. Rd1 Qd7 49. Kg2 Re8 50. Qd2 Re7 51. Re1 Rh8 52. Re2 Rhe8
53. Kf3 Qe6 54. Bc2 Qg8 55. Qd3 Qh7 56. Qd2 Qh5+ 57. Kg2 Kb7 58. Bd3 Bd4 59.
Bxb5 Bxe3 60. Bxc6+ Kxc6 61. Qd3 d4 62. Qa6+ Kd5 63. Rc2 Bxf2 64. Qc4+ Ke4
65. Re2+ Qxe2 66. Qxe2+ Kd5 67. Qa2+ Kc6 68. Qc4 Re2 69. b5+ Kb7 70. Qd5+ Ka7
71. b6+ Ka6 72. Qc4+ Kb7 73. Qd5+ Kb8 74. Qd6+ Kb7 75. Qd7+ Ka6 76. Qxa4+ Kb7
77. Qd7+ Ka6 78. a4 Bxg3+ 79. Kh3 R2e7 80. Qb5+ Kb7 81. c6+ Kb8 82. Qa6 Bxf4
83. c7+ Bxc7 84. bxc7+ Kxc7 85. Qa7+ Kc6 86. Qxd4 Re3+ 87. Kg2 Re2+ 88. Kf1
Re1+ 89. Kf2 R8e2+ 90. Kf3 Re3+ 91. Kf2 R1e2+ 92. Kf1 Re7 93. a5 Re1+ 1/2-1/2

[Event "Abierto Legislatura Norberto La Porta in memoriam"]
[Site "Buenos Aires, ARG"]
[Date "2009.04.08"]
[Round "5.38"]
[White "Tenti, Joaquin"]
[Black "Albarracin, Nicolas"]
[Result "1/2-1/2"]
[WhiteElo "2131"]
[BlackElo "2029"]

1. e4 c5 2. Nf3 Nc6 3. d4 cxd4 4. Nxd4 Nf6 5. Nc3 e5 6. Ndb5 d6 7. Bg5 a6 8.
Na3 b5 9. Nd5 Be7 10. Bxf6 Bxf6 11. g3 Bg5 12. Bg2 O-O 13. O-O Ne7 14. c4
Nxd5 15. Qxd5 Be6 16. Qd3 bxc4 17. Nxc4 Qc7 18. b3 Rac8 19. h4 Bh6 20. Qxd6 Bxc4
21. Qxc7 Rxc7 22. bxc4 Rxc4 23. Rfd1 f6 24. Rab1 Rc2 25. Bf1 a5 26. Rd7 Kh8
27. Rbb7 Rxa2 28. Bc4 Ra1+ 29. Kg2 Rc1 30. Bd5 Rcc8 31. Ra7 Rcd8 32. Rxd8
Rxd8 33. Rxa5 Bd2 34. Ra7 Rb8 35. h5 g6 36. g4 gxh5 37. gxh5 Rb2 38. Kf3 Bg5 39.
Kg4 Rb8 40. Kf5 Rf8 41. Rb7 Rd8 42. Rf7 Rb8 43. f3 Rb1 44. Rc7 Rb8 45. Be6
Rf8 46. Kg4 Re8 47. Bf5 h6 48. Bc8 Kg8 49. Kf5 Kf8 50. Be6 Re7 51. Rc6 Kg7 52.
Bd5 Bh4 53. Rc8 Bg5 1/2-1/2

[Event "Abierto Legislatura Norberto La Porta in memoriam"]
[Site "Buenos Aires, ARG"]
[Date "2009.04.08"]
[Round "5.39"]
[White "Diaz Wong, Renzo"]
[Black "Godoy, Carlos"]
[Result "0-1"]
[WhiteElo "1942"]
[BlackElo "2128"]

1. d4 d5 2. Nf3 Nf6 3. Bf4 c5 4. c3 Qb6 5. Qc2 g6 6. Nbd2 Nc6 7. e3 Bg7 8.
Bd3 c4 9. Be2 Bf5 10. Qc1 O-O 11. O-O Rac8 12. h3 Nd7 13. g4 Be6 14. Bg3 f6 15.
Ne1 Bf7 16. f4 e5 17. Ng2 Qd8 18. Qc2 b5 19. Kh2 a5 20. a3 Qb6 21. fxe5 fxe5
22. g5 Be6 23. Qd1 Ne7 24. Bg4 Nf5 25. Bf2 Qd6 26. Kh1 Rce8 27. Qc2 Qe7 28.
h4 Nxd4 29. Bxe6+ Nxe6 30. Bg1 Ndc5 31. Rxf8+ Rxf8 32. Rf1 d4 33. Rxf8+ Qxf8
34. exd4 exd4 35. cxd4 Nxd4 36. Qd1 Qf5 37. Bh2 Nd3 38. Qf1 Qxf1+ 39. Nxf1
Nxb2 40. Bf4 Nc2 41. Bd6 Bf8 42. Be5 Bxa3 43. Bf6 Nd3 44. Nd2 Kf7 45. Ne4 Ke6
46. h5 gxh5 47. Nh4 Nc5 48. Nd2 Bc1 49. Nb1 Ne4 0-1

[Event "Abierto Legislatura Norberto La Porta in memoriam"]
[Site "Buenos Aires, ARG"]
[Date "2009.04.08"]
[Round "5.41"]
[White "Cordiviola, Juan Manuel"]
[Black "Converset, Juan Jose"]
[Result "0-1"]
[WhiteElo "1833"]
[BlackElo "2239"]

1. d4 Nf6 2. c4 g6 3. f3 Bg7 4. Nc3 O-O 5. e4 d6 6. Be3 e5 7. d5 Nh5 8. Qd2
Qh4+ 9. Bf2 Qe7 10. O-O-O f5 11. Nge2 b5 12. cxb5 a6 13. b6 cxb6 14. h3 fxe4
15. Nxe4 Nd7 16. N2g3 Nf4 17. Ne2 Nc5 18. N2c3 Bd7 19. Kb1 a5 20. h4 a4 21.
Be3 Bf5 22. Ka1 Nb3+ 23. axb3 axb3+ 24. Kb1 Qa7 25. Kc1 Qa1+ 26. Nb1 Rfc8+ 27.
Qc3 Rxc3+ 28. Nexc3 Bc2 29. Rd2 Bxb1 0-1

[Event "Abierto Legislatura Norberto La Porta in memoriam"]
[Site "Buenos Aires, ARG"]
[Date "2009.04.08"]
[Round "5.42"]
[White "Bourgeois, William Raul"]
[Black "Giampa, Alejandro"]
[Result "0-1"]
[WhiteElo "1999"]
[BlackElo "2235"]

1. Nf3 c5 2. g3 g6 3. Bg2 Bg7 4. O-O Nc6 5. c4 e5 6. Nc3 Nge7 7. d3 O-O 8.
Bg5 h6 9. Be3 d6 10. Qc1 Kh7 11. a3 f5 12. Rb1 a5 13. Qc2 Be6 14. b3 Rb8 15.
Nb5 Qd7 16. Bd2 Rfc8 17. e4 b6 18. Bc3 fxe4 19. dxe4 Nd4 20. Bxd4 cxd4 21. Qd3
a4 22. Nd2 axb3 23. Qxb3 Nc6 24. Rfc1 h5 25. f4 Bh6 26. Qf3 Na5 27. f5 Bxd2
28. fxe6 Qxe6 29. Rf1 Be3+ 30. Kh1 Kg7 31. Bh3 Qxh3 32. Qf6+ Kh6 33. Nxd6 Rf8
34. Nf7+ Rxf7 35. Qxf7 Qg4 36. Qd5 Rc8 37. Qxe5 Nxc4 38. Qe7 Bg5 39. Qb7 Na5
0-1

[Event "Abierto Legislatura Norberto La Porta in memoriam"]
[Site "Buenos Aires, ARG"]
[Date "2009.04.08"]
[Round "5.43"]
[White "Martyniuk, Carolina Milka"]
[Black "Sapienza, Julian"]
[Result "0-1"]
[WhiteElo "1995"]
[BlackElo "2215"]

1. e4 e5 2. Nf3 Nc6 3. d3 d5 4. exd5 Qxd5 5. Nc3 Bb4 6. Bd2 Qd8 7. Ne4 a5 8.
a3 Be7 9. Be2 f5 10. Ng3 Nf6 11. Bc3 Bd6 12. Qd2 O-O 13. O-O Nd5 14. d4 e4
15. Ne5 Qh4 16. Bc4 Be6 17. Qe2 Rae8 18. f3 Nxe5 19. dxe5 Bc5+ 20. Kh1 Ne3 21.
Bxe6+ Rxe6 22. Be1 Nxf1 23. Nxf1 exf3 24. Nd2 f2 25. Bxf2 Bxf2 26. Nf3 Qf4
27. Qxf2 Rd8 28. g3 Qc4 29. Re1 h6 30. Kg1 Rd5 31. b3 Qc5 32. Qxc5 Rxc5 33. c4
g5 34. Rd1 g4 35. Rd8+ Kf7 36. Nd4 Rexe5 37. Kf2 Re8 38. Rd7+ Re7 39. Rd8
Rce5 40. Rd5 Rxd5 41. cxd5 Re5 42. Nb5 Rxd5 43. Nxc7 Rc5 44. Na8 b5 45. Nb6 Ke6
46. a4 Rc6 47. Na8 bxa4 48. bxa4 Kd6 49. Ke3 Ra6 0-1

[Event "Abierto Legislatura Norberto La Porta in memoriam"]
[Site "Buenos Aires, ARG"]
[Date "2009.04.08"]
[Round "5.44"]
[White "Albarran, Gustavo"]
[Black "Garcia, Manuel"]
[Result "1-0"]
[WhiteElo "2212"]
[BlackElo "2032"]

1. d4 c6 2. c4 d5 3. Nf3 e6 4. Nc3 Bb4 5. e3 Nf6 6. Bd2 Nbd7 7. Bd3 O-O 8.
O-O Re8 9. Nxd5 Nxd5 10. cxd5 Bxd2 11. dxc6 Ba5 12. cxd7 Bxd7 13. Ne5 Re7 14.
Qh5 g6 15. Qg5 Re8 16. Qh6 Bb4 17. Nxf7 Kxf7 18. Qxh7+ Kf6 19. Qxg6+ Ke7 20.
Qg7+ Kd6 21. Qe5+ Ke7 22. a3 Ba5 23. Qg5+ Kf8 24. Qh6+ Ke7 25. Qg7+ Kd6 26.
Bg6 Rg8 27. Qe5+ Ke7 28. Qg5+ Kf8 29. Qh6+ Ke7 30. e4 Bc7 31. Qh7+ Kd6 32. Rac1
Rxg6 33. e5+ Kd5 34. Qxg6 Bb6 35. Qd3 Bxd4 36. Qc4+ Kxe5 37. Rfe1+ Kf5 38.
Qxd4 1-0

[Event "Abierto Legislatura Norberto La Porta in memoriam"]
[Site "Buenos Aires, ARG"]
[Date "2009.04.08"]
[Round "5.45"]
[White "Guerrero, Alvaro"]
[Black "Denegri, German"]
[Result "1-0"]
[WhiteElo "2197"]
[BlackElo "2024"]

1. d4 f5 2. g3 Nf6 3. Bg2 g6 4. c4 Bg7 5. Nc3 O-O 6. Nf3 d6 7. O-O Nc6 8. d5
Ne5 9. Nd2 e6 10. dxe6 c6 11. b3 Bxe6 12. Ba3 Re8 13. Qc2 Qc7 14. Rac1 Rad8
15. e3 Qb8 16. Ne2 d5 17. c5 Ne4 18. Nd4 Bf7 19. Rcd1 Qc7 20. Nb1 Nd7 21. f3
Nef6 22. Rfe1 Nf8 23. b4 a6 24. Nd2 Rd7 25. N2b3 Rde7 26. Bc1 Bh6 27. Qc3 Bg7
28. a4 Ne6 29. Qc2 Nxd4 30. Nxd4 Bh6 31. Qc3 Bg7 32. Bb2 Rc8 33. Kf2 Be8 34.
Bf1 Bd7 35. Qc2 Rce8 36. Rc1 Ra8 37. Bd3 Rf8 38. Kg2 Ree8 39. Qb3 Kh8 40. Nc2
Be6 41. Bd4 Qf7 42. Re2 Qc7 43. Rb1 Bg8 44. b5 axb5 45. axb5 Ra8 46. b6 Qd7
47. Ra1 Rxa1 48. Nxa1 Ra8 49. Ra2 Rxa2+ 50. Qxa2 Ne8 51. Nb3 Bxd4 52. Nxd4
Qc8 53. Qa1 Ng7 54. Qa7 Ne6 55. Qa1 Ng7 56. Nb3 Be6 57. Qe5 Kg8 58. Na5 Bd7 59.
Qd6 Ne6 60. h3 Kf7 61. Ba6 Nd8 62. Bd3 Ne6 63. h4 Ke8 64. h5 Qa8 65. Nxc6
bxc6 66. Qe5 Qb7 67. h6 Kf7 68. Qh8 Nf8 69. Kf2 Qb8 70. Ba6 Bc8 71. Qg7+ Ke8
72. Qa7 Nd7 73. Qxb8 Nxb8 74. Bxc8 Kd8 75. Be6 Ke7 76. Bg8 Nd7 77. b7 Nb8 78.
Bxh7 Kf7 79. Ke2 Nd7 80. Kd2 Nb8 81. Kc3 Kf6 82. Bg8 {1-0 en el finish} 1-0

[Event "Abierto Legislatura Norberto La Porta in memoriam"]
[Site "Buenos Aires, ARG"]
[Date "2009.04.08"]
[Round "5.46"]
[White "Bulcourf, Carlos"]
[Black "Heinecke, Victor"]
[Result "1/2-1/2"]
[WhiteElo "2160"]
[BlackElo "2026"]

1. b4 d5 2. Nf3 Nf6 3. Bb2 e6 4. b5 c5 5. e3 Bd6 6. c4 O-O 7. Bxf6 Qxf6 8.
Nc3 dxc4 9. Ne4 Qe7 10. Bxc4 Nd7 11. O-O Ne5 12. Nxd6 Qxd6 13. Nxe5 Qxe5 14. f4
Qf6 15. Qh5 b6 16. a4 Bb7 17. a5 Qg6 18. Qxg6 hxg6 19. d3 Bd5 20. Ra3 Rfd8
21. Rfa1 Rab8 22. axb6 axb6 23. Kf2 Bb7 24. e4 Ra8 25. Ra7 Rdc8 26. f5 gxf5
27. exf5 exf5 28. Bxf7+ Kh8 29. Rxa8 Rxa8 30. Rxa8+ Bxa8 31. g3 Kh7 32. Ke3 g5
33. d4 cxd4+ 34. Kxd4 Kg7 35. Be8 Bf3 36. Ke5 f4 37. Kf5 Kh6 38. Kf6 Be2 39.
h4 gxh4 40. gxf4 h3 41. Bc6 h2 42. Bh1 Bxb5 43. Ke5 Kg7 44. f5 Bd3 45. f6+
Kf7 46. Bd5+ Kf8 47. Kf4 Bc4 48. Be4 Kf7 49. Kg3 Kxf6 50. Kxh2 Ke5 51. Bc6 Kd6
52. Be8 Kc5 53. Kg3 Bb5 54. Bf7 Bc6 55. Kf4 b5 56. Ke3 Kb4 57. Kd4 Ka3 58.
Kc5 1/2-1/2

[Event "Abierto Legislatura Norberto La Porta in memoriam"]
[Site "Buenos Aires, ARG"]
[Date "2009.04.08"]
[Round "5.47"]
[White "Rodriguez, Esteban"]
[Black "Di Diego, Osvaldo"]
[Result "1-0"]
[WhiteElo "2151"]
[BlackElo "2023"]

1. e4 d5 2. exd5 Qxd5 3. Nc3 Qa5 4. d4 Nf6 5. Nf3 Bf5 6. Bc4 e6 7. Bd2 c6 8.
Nd5 Qd8 9. Nxf6+ Qxf6 10. Qe2 Bg4 11. d5 Bxf3 12. gxf3 cxd5 13. Bxd5 Qe7 14.
Be4 Qc7 15. Bc3 Nd7 16. O-O-O f5 17. Bxb7 Qxb7 18. Qxe6+ 1-0